Central Library OPAC University of Rajshahi

Veterinary bacteriology and virology / (Record no. 2043)

MARC details
000 -LEADER
fixed length control field 01000nam a22003011a 4500
001 - CONTROL NUMBER
control field 2043
003 - CONTROL NUMBER IDENTIFIER
rucl marc code BD-RjUL
005 - DATE AND TIME OF LATEST TRANSACTION
control field 20211208233454.0
008 - FIXED-LENGTH DATA ELEMENTS--GENERAL INFORMATION
fixed length control field 150517r20051983iaua b 000 0 eng
035 ## - SYSTEM CONTROL NUMBER
System control number (BD-RjUL)
040 ## - CATALOGING SOURCE
Original cataloging agency DLC
Transcribing agency DLC
Modifying agency DLC
Language of cataloging eng
041 ## - LANGUAGE CODE
Language code of text/sound track or separate title eng
082 00 - DEWEY DECIMAL CLASSIFICATION NUMBER
Classification number 636.089601
Author mark and year MEV 2005
100 1# - MAIN ENTRY--PERSONAL NAME
Personal name Merchant, Ival Arthur,
Dates associated with a name 1898-
9 (RLIN) 116728
245 00 - TITLE STATEMENT
Title Veterinary bacteriology and virology /
Statement of responsibility, etc. I. A. Merchant and R. A. Packer.
250 ## - EDITION STATEMENT
Edition statement 7th ed.
260 ## - PUBLICATION, DISTRIBUTION, ETC. (IMPRINT)
Place of publication, distribution, etc. New Delhi :
Name of publisher, distributor, etc. CBS publishers,
Date of publication, distribution, etc. 1983 [Reprinted 2005]
300 ## - PHYSICAL DESCRIPTION
Pagination x, 752 p. :
Illustrations illus. ;
Size 26 cm.
500 ## - GENERAL NOTE
General note First ed. published in 1940 under title: Veterinary bacteriology.
504 ## - BIBLIOGRAPHY, ETC. NOTE
Bibliography, etc Includes bibliographies and index.
650 #0 - SUBJECT ADDED ENTRY--TOPICAL TERM
Topical term or geographic name as entry element Veterinary microbiology.
9 (RLIN) 116729
Topical term or geographic name as entry element Veterinary virology.
9 (RLIN) 116730
700 1# - ADDED ENTRY--PERSONAL NAME
Personal name Packer, R. A.
Fuller form of name (Raymond Allen),
Dates associated with a name 1914-
Relator term joint author.
942 ## - ADDED ENTRY ELEMENTS (KOHA)
Source of classification or shelving scheme Dewey Decimal Classification
Koha item type Books
Holdings
Lost status Source of classification or shelving scheme Damaged status Not for loan Collection code Permanent Location Current Location Shelving location Date acquired Source of acquisition Cost, normal purchase price Total Checkouts Full call number Date last seen Copy number Koha item type
  Dewey Decimal Classification   Not For Loan Non-fiction Central Library, University of Rajshahi Central Library, University of Rajshahi Reading Room 20/08/2014 Paragon, Dhaka 250.00   636.089601 MEV 2005 17/05/2015 C-1 Books